Word Ladder: Italian Medallion Quiz Stats

Quiz Updated Mar 8, 2016

Challenge
Share
Tweet
Embed
Score 0/24 Timer 03:00
1 Play Today
Hint 4-Letter Word % Correct
Agent 007BOND
98.5%
Elvis film: '____ Las Vegas'VIVA
96.5%
Show flexibilityBEND
95.6%
Like headline typefacesBOLD
95.4%
● Wine, in Italian ●● VINO ●
95%
VendedSOLD
92.5%
Smile broadlyGRIN
91.8%
LabyrinthMAZE
91.2%
Long lookGAZE
90.9%
Temperamental starDIVA
90.8%
● Alone, in Italian ●● SOLO ●
90.5%
To intentionally fail: take a ____DIVE
90.4%
Hint 4-Letter Word % Correct
Mediterranean territory: ____ StripGAZA
89.5%
To increase or obtainGAIN
87.7%
● Good or well, in Italian ●● BENE ●
86%
Short video sharing siteVINE
85.5%
Extremely seriousDIRE
84.3%
To challenge someoneDARE
84%
● Sea, in Italian ●● MARE ●
83.6%
Earth goddessGAIA
82.2%
Original Don CorleoneVITO
78.6%
● Life, in Italian ●● VITA ●
78.6%
Climbing plant stemBINE
74.3%
● Great, in Italian ●● GRAN ●
55%

Today's Daily Dose

Word Ladder
'90s Movies

Quick Pick
'Fire' Movies

On This Day
June 19th II

You're not logged in!

Compare scores with friends on all Sporcle quizzes.
Join for Free
OR
Log In

You Might Also Like...

Show Comments

Extras

Top Quizzes Today


Score Distribution

Your Account Isn't Verified!

In order to create a playlist on Sporcle, you need to verify the email address you used during registration. Go to your Sporcle Settings to finish the process.

Report this User

Report this user for behavior that violates our Community Guidelines.

Details: